000 01039nam a2200313Ia 4500
001 Para_294
003 CHAP
008 220125s1992 xx 000 0 und d
010 _a199049
040 _cCHAP
090 _aPA FOLLETO 3215
100 _aRodriguez Rivera, Ramon
_998839
245 _aGuía para el secado y almacenamiento de maíz y frijol para el consumo familiar en Yucatán /
_c por Ramon Rodriguez Rivera y Francisco J. Herrera Rodríguez
260 _aMochochá, Yuc. :
_b INIFAP. Campo Experimental Uxmal
300 _a18 p.
410 _aFolleto para productores; 12
650 _aFrijol
_x deshidratación
_9164366
650 _aMaíz
_x deshidratación
_970927
700 _a
700 _aI. Herrera Rodríguez, Francisco, J.
_9164367
710 _aII. INIFAP. México. Campo Experimental Uxmal
_9164368
901 _aPA FOLLETO 3215
902 _aA
905 _a0000001992 a 0000000000 00
910 _a1992
942 _cPARA
942 _cPARA
_d1
999 _c199049
_d199049